000 00505nam a2200205Ia 4500
005 20240823053948.0
008 240823s9999||||xx |||||||||||||| ||und||
020 _a978-93-83103-11-9
041 _aENGLISH
082 _A658.562 Q5
100 _aJayakumar V
245 0 _aTotal Quality Management
250 _a8th
260 _c2015
_b"Lakshmi Publications,Ch"
500 _aYES
650 _aTotal Quality Management
_bManagement Studies
700 _a Raju R
942 _cBK
999 _c225351
_d225351